|
|
|
|
| LEADER |
05827nam a22004093i 4500 |
| 001 |
EBC6955738 |
| 003 |
MiAaPQ |
| 005 |
20231204023222.0 |
| 006 |
m o d | |
| 007 |
cr cnu|||||||| |
| 008 |
231204s2015 xx o ||||0 ger d |
| 020 |
|
|
|a 9783839407561
|q (electronic bk.)
|
| 020 |
|
|
|z 9783899427561
|
| 035 |
|
|
|a (MiAaPQ)EBC6955738
|
| 035 |
|
|
|a (Au-PeEL)EBL6955738
|
| 035 |
|
|
|a (OCoLC)1049912258
|
| 040 |
|
|
|a MiAaPQ
|b eng
|e rda
|e pn
|c MiAaPQ
|d MiAaPQ
|
| 100 |
1 |
|
|a Pritsch, Sylvia.
|
| 245 |
1 |
0 |
|a Rhetorik des Subjekts :
|b Zur textuellen Konstruktion des Subjekts in feministischen und anderen postmodernen Diskursen.
|
| 250 |
|
|
|a 1st ed.
|
| 264 |
|
1 |
|a Bielefeld :
|b transcript,
|c 2015.
|
| 264 |
|
4 |
|c ©2015.
|
| 300 |
|
|
|a 1 online resource (515 pages)
|
| 336 |
|
|
|a text
|b txt
|2 rdacontent
|
| 337 |
|
|
|a computer
|b c
|2 rdamedia
|
| 338 |
|
|
|a online resource
|b cr
|2 rdacarrier
|
| 490 |
1 |
|
|a Gender Studies
|
| 505 |
0 |
|
|a Cover Rhetorik des Subjekts -- INHALT -- Vorwort -- I. Auf Leben und Tod: Zur Lektüre des Subjekts im (post-)modernen Text -- 1. Tod des Subjekts -- 2. Gewalt der Repräsentation -- 3. (Un)Lesbarkeit des Subjekts: Zwischen Geist und Körper, Text und performativer Praktik -- 4. Eine Geschichte von Selbstgewinnung und Selbstverlust -- 5. Schreiben als Subjekttechnologie -- Von der Klassik zur Moderne -- Zur Ambivalenz des Negativen -- Postmoderne Ästhetik -- 6. Post-Moderne Problematiken -- Ästhetik und Politik -- Vom Außen ins Innen: Feminismus und Postmoderne -- pOst - mO - der -Ne? -- II. Dekonstruktionen des modernen Subjekts in Text: Vom Begriff zur Metapher und Praktik des Diskurses -- 1. Das Subjekt als begriffliches Schema -- 2. Das Subjekt als Metapher -- 3. Metapher und Metonymie bei J. Lacan -- 4. Indexikalität und Medialität (J. Derrida) -- Textualität - Indexikalität - Performanz -- Metaphorizität -- Der Ruf des Anderen -- 5. Das Subjekt der Praktiken (M. Foucault) -- Das Gesicht des Humanismus und sein Zerfall in Sprache -- Das disziplinierte und das ästhetische Subjekt -- Schreiben als Selbst-Technologie -- Praktiken der Signifikation -- 6. Text-Politik -- Wiederkehr des Subjekts? -- Auktoriale Präsenz und die Praktik des Textes -- Reformulierung des philosophischen Ethos' -- 7. Topologie des Subjekts -- III. Mythenlektüren: Feministische Relektüren des Subjekts -- 1. Das weibliche Subjekt zwischen Geschichte und Mythos -- 2. Subjekt- und Textbegehren: Die Rolle von Literatur und Literaturwissenschaft im feministischen Subjektdiskurs -- 3. Literalisierende Lektüren und das »Gefühl des Realen« -- 4. Reading the Reading und das Konstrukt der weiblichen Leserin -- 5. Dekonstruktion des Symbolischen: Echos mimetische Rede -- Zwischen Affirmation und Subversion -- Weiblichkeit als Metapher -- Echo und die Macht(losigkeit) des Begehrens.
|
| 505 |
8 |
|
|a Weiblichkeit als Metonymie und Mimesis (Cixous, Irigaray) -- Vor der Metapher: die Transposition (J. Kristeva I) -- Das Problem der Negativität (J. Kristeva II) -- Weiblichkeit als Differenz/ Weiblichkeit als Travestie -- Figuralität und das Problem des »Repräsentationalismus« -- 6. Technologien des Geschlechts: bildhafte Selbst-Praktiken -- Vom weiblichen Text zum Gender-Diskurs (T. de Lauretis) -- Bildkonstruktion (Großmaß/Schmerl) - Bildlektüre (Weigel) -- Zwischen feministischem Standpunkt und Ethos des Selbst -- 7. Selbst-Politik -- Komplementäre Repräsentationsformen: Subjekt und Schrift, Weiblichkeit und Männlichkeit -- Ästhetische Strategien: Ein anderes Schema -- Zwischen Benennung und Entnennung -- IV. Zur Konstruktion des postfeministischen - postkolonialistischen - posthumanistischen Subjekts -- 1. Performative Praktiken des Körper-Subjekts (Judith Butler): -- Butler diskursiviert -- Subversion des heterosexuellen Begehrenssubjekts -- Von der Parodie zur Melancholie -- Performativität der Macht -- Performative Theorie-Politik -- Vom textual turn zum performative turn? -- Ethische Perspektiven: Verantwortung abseits von Täterund Opferschaft? -- 2. Hybride Orte un/an/geeigneter Anderer (Trinh T. Minh-ha) -- Reisende zwischen den Kulturen -- Postkoloniale Hybride -- Unendliche Schichten: Zwischen Ich und Nicht-Ich -- Poetik der Leere - Poetik der Vervielfachung -- Rhythmus - Ethik der Beziehungen -- 3. Cyborg-Erzählungen (Donna Haraway) -- Haraway im Bauch des Monsters -- Der Cyborg als künstlicher Mythos -- Die Neuerfindung des postmodernen Subjekts -- Signifikationstechnologien I: Die Macht der Figurierung -- Signifikationstechnologien II: Transcodierung und Verschiebung -- Ethische Praktiken des Netzes -- 4. Das Symbolische verschieben -- De-Konstruierte Textsubjekte -- Das Dilemma des Symbolischen: Konstanz und Kontingenz.
|
| 505 |
8 |
|
|a Ethos der Verantwortung -- V. Technologien des Selbst - Technologien des Textes -- 1. Indexikale Beziehungen im Dritten Raum -- 2. Das Subjekt als Text - der Text als Subjekt: Eine kleine Tropologie -- Subjekt-Metapher -- Metaphern-Subjekte -- Soziosymbolische Gewebe -- 3. Repräsentation, Performanz und Indexikalität -- Bedeutung zwischen Oberfläche und Tiefe -- Indexikalität und Subjektivität -- 4. Vom Begriff zum Ethos des Subjekts -- Literatur.
|
| 588 |
|
|
|a Description based on publisher supplied metadata and other sources.
|
| 590 |
|
|
|a Electronic reproduction. Ann Arbor, Michigan : ProQuest Ebook Central, 2023. Available via World Wide Web. Access may be limited to ProQuest Ebook Central affiliated libraries.
|
| 655 |
|
4 |
|a Electronic books.
|
| 776 |
0 |
8 |
|i Print version:
|a Pritsch, Sylvia
|t Rhetorik des Subjekts
|d Bielefeld : transcript,c2015
|z 9783899427561
|
| 797 |
2 |
|
|a ProQuest (Firm)
|
| 830 |
|
0 |
|a Gender Studies
|
| 856 |
4 |
0 |
|u https://ebookcentral.proquest.com/lib/matrademy/detail.action?docID=6955738
|z Click to View
|